Logo Quiz #2 - marki samochodów #2 - Statystyki

Ogólne statystyki
  • Ten quiz został rozwiązany 134 razy
  • Średni wynik to 12 z 20
Statystyki odpowiedzi
Obrazkowy Odpowiedź % Poprawnych
Mercedes-Benz
97%
Volvo
96%
Chevrolet
90%
Mitsubishi
87%
Nissan
79%
Hyundai
77%
Bugatti
72%
Bentley
71%
Mini
68%
Maserati
65%
Aston Martin
61%
Rolls-Royce
61%
Saab
52%
Cadillac
51%
McLaren
50%
Lancia
49%
Acura
39%
Daewoo
36%
Chrysler
33%
Chery
5%
Nie znaleziono quizów pasujących do podanych kryteriów
Rozkład punktacji
Procent ludzi z każdym wynikiem
Percentyl według liczby udzielonych odpowiedzi
Twoja historia wyników
Nie rozwiązałeś tego quizu